Paulo Coelho (notice n° 1553811)
[ vue normale ]
| 000 -LEADER | |
|---|---|
| fixed length control field | 01376cam a2200277zu 4500 |
| 003 - CONTROL NUMBER IDENTIFIER | |
| control field | FRCYB45007928 |
| 005 - DATE AND TIME OF LATEST TRANSACTION | |
| control field | 20251020123332.0 |
| 008 - FIXED-LENGTH DATA ELEMENTS--GENERAL INFORMATION | |
| fixed length control field | 251020s2005 fr | o|||||0|0|||fre d |
| 020 ## - INTERNATIONAL STANDARD BOOK NUMBER | |
| International Standard Book Number | 9782844502858 |
| 035 ## - SYSTEM CONTROL NUMBER | |
| System control number | FRCYB45007928 |
| 040 ## - CATALOGING SOURCE | |
| Original cataloging agency | FR-PaCSA |
| Language of cataloging | fr |
| Transcribing agency | |
| Description conventions | rda |
| 100 1# - MAIN ENTRY--PERSONAL NAME | |
| Personal name | Ndagano, Jean-Marie |
| 245 01 - TITLE STATEMENT | |
| Title | Paulo Coelho |
| Remainder of title | Le courage d'être heureux |
| Statement of responsibility, etc. | ['Ndagano, Jean-Marie'] |
| 264 #1 - PRODUCTION, PUBLICATION, DISTRIBUTION, MANUFACTURE, AND COPYRIGHT NOTICE | |
| Name of producer, publisher, distributor, manufacturer | Ibis Rouge |
| Date of production, publication, distribution, manufacture, or copyright notice | 2005 |
| 300 ## - PHYSICAL DESCRIPTION | |
| Extent | p. |
| 336 ## - CONTENT TYPE | |
| Content type code | txt |
| Source | rdacontent |
| 337 ## - MEDIA TYPE | |
| Media type code | c |
| Source | rdamdedia |
| 338 ## - CARRIER TYPE | |
| Carrier type code | c |
| Source | rdacarrier |
| 520 ## - SUMMARY, ETC. | |
| Summary, etc. | Etre conscient de son existence, c'est d'abord accepter la vie comme un cadeau merveilleux et donc comprendre qu'on n'a pas le droit de passer à côté. Aussi, chaque jour qui s'offre à nous, chaque rayon de soleil, chaque goutte de pluie, tout nous apprend à vivre comme une éternité chaque seconde de cette fragile existence. Et cette existence, ce n'est ni hier, ni demain, mais l'instant présent, aujourd'hui, maintenant. Ce livre n'est pas une analyse littéraire. C'est un libre hommage à Paulo Coelho, écrit avec comme seule règle : l'envie de partager ma joie de lecteur. |
| 650 #0 - SUBJECT ADDED ENTRY--TOPICAL TERM | |
| Topical term or geographic name entry element | |
| 700 0# - ADDED ENTRY--PERSONAL NAME | |
| Personal name | Ndagano, Jean-Marie |
| 856 40 - ELECTRONIC LOCATION AND ACCESS | |
| Access method | Cyberlibris |
| Uniform Resource Identifier | <a href="https://international.scholarvox.com/netsen/book/45007928">https://international.scholarvox.com/netsen/book/45007928</a> |
| Electronic format type | text/html |
| Host name | |
Pas d'exemplaire disponible.




Réseaux sociaux